000 00925nmm a2200253 a 4500
001 ocm0001299574
003 TR-IsHL
005 20201028162524.0
008 160715s[tar tu tur
007 cr cn
035 _a1299574
_b(N$T)
050 0 4 _aBP181
_b.U47 [tarih yok]
090 0 4 _aBP181
_b.U47 [tarih yok]
245 1 0 _aUmre rehberi
_h[electronic resource] /
_cderleyen Ahmet Karakılıç
260 _a[yayın yeri yok] :
_b[yayınlayan yok],
_c[tarih yok]
300 _a208 p.
650 4 _aFelsefe, Psikoloji ve Din
650 4 _aPhilosophy, Psychology and Religion
650 0 _aMüslüman hacılar ve hac
_x Suudi Arabistan
_x Mekke
650 0 _aMuslim pilgrims and pilgrimages
_x Saudi Arabia
_x Mecca
650 7 _aRELIGION / Islam / General
_2bisacsh
700 1 _aKarakılıç, Ahmet
856 4 0 _uhttp://search.ebscohost.com/login.aspx?direct=true&scope=site&db=e011xww&AN=1299574
999 _c14804
_d14804